00384nam a2200133Ia 4500003000400000008004100004020002600045040000800071100001900079245009200098260003500190300001400225365001100239LDD181029s9999 xx 000 0 und d a9781586483951c26.00 cLDD aTuran, Kenneth 0aNow in theaters everywhereba celebration of certain kind of blockbustercKenneth Turan aNew YorkbPublic Affairsc2006 axiv, 385p b26.00